| Tag |
First Indicator |
Second Indicator |
Subfields |
| LEADER |
00000cam a2200000 a 4500 |
| 001 |
in00000034438 |
| 005 |
20151007060721.0 |
| 008 |
870505s1987 mauak b 00110 eng |
| 010 |
|
|
|a 87012783
|
| 020 |
|
|
|a 0316114820 (pbk.)
|
| 035 |
|
|
|a (OCoLC)15791967
|
| 035 |
|
|
|9 AAC1566AM
|
| 040 |
|
|
|a DLC
|c DLC
|d WQM
|d TXA
|d UtOrBLW
|
| 043 |
|
|
|a n-us---
|
| 049 |
|
|
|a TXAM
|c [A11526820]
|
| 050 |
0 |
0 |
|a HV2440
|b .B86 1987
|
| 082 |
0 |
|
|a 371.91/2
|2 19
|
| 100 |
1 |
|
|a Bunch, Gary Owen,
|d 1938-
|
| 245 |
1 |
4 |
|a The curriculum and the hearing-impaired student :
|b theoretical and practical considerations /
|c Gary Owen Bunch.
|
| 264 |
|
1 |
|a Boston :
|b Little, Brown,
|c [1987]
|
| 264 |
|
4 |
|c ©1987
|
| 300 |
|
|
|a xii, 288 pages :
|b illustrations, forms ;
|c 23 cm.
|
| 336 |
|
|
|a text
|b txt
|2 rdacontent
|
| 337 |
|
|
|a unmediated
|b n
|2 rdamedia
|
| 338 |
|
|
|a volume
|b nc
|2 rdacarrier
|
| 500 |
|
|
|a "A College-Hill publication."
|
| 504 |
|
|
|a Includes bibliographies and index.
|
| 650 |
|
0 |
|a Hearing impaired children
|x Education
|z United States
|x Curricula.
|
| 999 |
|
|
|a MARS
|
| 999 |
f |
f |
|s 95a75bd5-5905-3e8e-85ce-70ee9e56527e
|i b81307f6-8345-304b-8a96-96a17c235d26
|t 0
|
| 952 |
f |
f |
|p ric
|a Texas A&M University
|b Rellis Campus
|c Joint Library Facility
|d Remote Storage
|t 0
|e HV2440 .B86 1987
|h Library of Congress classification
|i unmediated -- volume
|m A14811526820
|
| 998 |
f |
f |
|a HV2440 .B86 1987
|t 0
|l Remote Storage
|